ბათუმის შოთა რუსთაველის სახელმწიფო უნივერსიტეტის ბიბლიოთეკა

Християнство як свитоглядне джерело украинськой держави и права (ბიბ.ჩანაწერი № 51569)

000 -LEADER
fixed length control field 00987nam a2200241Ia 4500
001 - CONTROL NUMBER
control field 18560
003 - CONTROL NUMBER IDENTIFIER
control field GE_BSU
008 - FIXED-LENGTH DATA ELEMENTS--GENERAL INFORMATION
fixed length control field 181216s||||||||xx |||||||||||||| ||und||
020 ## - INTERNATIONAL STANDARD BOOK NUMBER
International Standard Book Number 9667910644
040 ## - CATALOGING SOURCE
Transcribing agency GE_BSU
080 ## - UNIVERSAL DECIMAL CLASSIFICATION NUMBER
Universal Decimal Classification number 340.12+27
100 ## - MAIN ENTRY--PERSONAL NAME
Personal name Луцький Иван Михайлович
245 ## - TITLE STATEMENT
Title Християнство як свитоглядне джерело украинськой держави и права
245 ## - TITLE STATEMENT
Remainder of title Монография
245 ## - TITLE STATEMENT
Statement of responsibility, etc. научный ред:Костицький,М,В
260 ## - PUBLICATION, DISTRIBUTION, ETC.
Place of publication, distribution, etc. Ивано-Франкивськ
260 ## - PUBLICATION, DISTRIBUTION, ETC.
Name of publisher, distributor, etc. Мисто НВ,
260 ## - PUBLICATION, DISTRIBUTION, ETC.
Date of publication, distribution, etc. 2012
300 ## - PHYSICAL DESCRIPTION
Extent 468стр,26см
653 ## - INDEX TERM--UNCONTROLLED
Uncontrolled term Християнство як свитоглядне джерело украинськой держави и права
653 ## - INDEX TERM--UNCONTROLLED
Uncontrolled term ქრისტიანობა, როგორც წყარო:უკრაინის სახელმწიფო და სამართალი
942 ## - ADDED ENTRY ELEMENTS (KOHA)
Koha item type წიგნი
ეგზემპლარები
Withdrawn status Lost status Damaged status Not for loan Date acquired Barcode Date last seen Price effective from Koha item type
        2018-12-17 47990 2018-12-17 2018-12-17 წიგნი